00394nam a2200133Ia 450000500170000000800460001703700120006304000200007504100130009508400230010824500630013126000570019430000090025120250508154438.0008 250505s9999 xx 000 0 eng d aTextual aFEDLbengcFEDL aeng2eng a655.255, INDqFEDL 0aIndian standard proof corrections for printers and authors aNew Delhi, IndiabIndian Standards Institutionc1959 a21p.